Principles of transport economics (Record no. 3416)

000 -LEADER
fixed length control field 00609nam a22002174a 4500
001 - CONTROL NUMBER
control field 3416
003 - CONTROL NUMBER IDENTIFIER
control field BD-DhUET
008 - FIXED-LENGTH DATA ELEMENTS--GENERAL INFORMATION
fixed length control field 031114s2004 enka b 001 0 eng
020 ## - INTERNATIONAL STANDARD BOOK NUMBER
International Standard Book Number 1840648651
040 ## - CATALOGING SOURCE
Original cataloging agency DLC
Transcribing agency DLC
Modifying agency BD-DhUET
082 00 - DEWEY DECIMAL CLASSIFICATION NUMBER
Classification number 388.049
Item number QUI/2004
100 1# - MAIN ENTRY--PERSONAL NAME
Personal name Quinet, Emile.
245 10 - TITLE STATEMENT
Title Principles of transport economics
Statement of responsibility, etc. by Emile Quinet and Roger Vickerman.
250 ## - EDITION STATEMENT
Edition statement Ist ed.
260 ## - PUBLICATION, DISTRIBUTION, ETC. (IMPRINT)
Place of publication, distribution, etc. Cheltenham
Name of publisher, distributor, etc. Edward Elgar
Date of publication, distribution, etc. 2004.
300 ## - PHYSICAL DESCRIPTION
Extent xii, 385 p. :
Other physical details ill. ;
Dimensions 24 cm.
504 ## - BIBLIOGRAPHY, ETC. NOTE
Bibliography, etc Includes bibliographies
650 #0 - SUBJECT ADDED ENTRY--TOPICAL TERM
Topical term or geographic name as entry element Transport economics
700 ## - ADDED ENTRY--PERSONAL NAME
Personal name Vickerman, Roger
942 ## - ADDED ENTRY ELEMENTS (KOHA)
Koha item type General Book
Holdings
Withdrawn status Location (home branch) Koha date last seen Copy number Date acquired Damaged status Sublocation or collection (holding branch) Shelving location Koha normalized classification for sorting Koha full call number Piece designation (barcode) Koha item type Not for loan Price effective from Lost status Source of classification or shelving scheme
 Central Library, BUET2014-10-2912014-10-29 Central Library, BUETCirculation section388_000000000000000_049QUI2004388.049/QUI/2004105075General Book 2014-10-29  
 Central Library, BUET2014-10-2922014-10-29 Central Library, BUETCirculation section388_000000000000000_049QUI2004388.049/QUI/2004105074General Book 2014-10-29  
 Central Library, BUET2015-06-0832015-06-08 Central Library, BUETReading section388_049000000000000_QUI_2004388.049/QUI/2004103406Reading Item 2015-06-08